| 000 | 00403nam a2200145Ia 4500 | ||
|---|---|---|---|
| 008 | 211109s9999||||xx |||||||||||||| ||und|| | ||
| 082 |
_a894.812 1 _bULL-P |
||
| 100 | _aUlloor, Parameswarayer S | ||
| 245 | 0 | _aPingalla | |
| 260 |
_bUlloor Publishers _aThiruvanathapuram _c1966 |
||
| 300 | _a16p | ||
| 630 | _xGeneral Stack | ||
| 650 |
_aMalayalam Literature _vMalayalam Poetry _xMalayalam |
||
| 942 | _cBOOK | ||
| 999 |
_c26206 _d26206 |
||